000
00348nam a2200133 a 4500
005
20140414132051.0
008
110712s19uu xx 00 eng d
050
_a
REF 031
_b
CHI V.10
245
_a
Childcraft: Places to know.
260
_a
Chicago :
_b
World Book, Inc.,
_c
1987.
440
_a
Childcraft
650
_a
famous places
999
_c
114164
_d
114164